00342nam a2200121Ia 4500008004100000041000800041082000800049100002800057245007400085260003200159300000800191520002100199221007s9999 xx 000 0 und d aeng bKUM aKumthekar M D (2K51032) aConsumer Survey to Understand Potential Market and Consumer Behaviour c2007bPune UniversityaPune a55p aDr. Surya Ramdas